VERMICOMPOSTING FOR SUSTAINABLE AGRICULTURE (Record no. 9109)

MARC details
000 -LEADER
fixed length control field 00458nam a22001817a 4500
005 - DATE AND TIME OF LATEST TRANSACTION
control field 20260331123906.0
008 - FIXED-LENGTH DATA ELEMENTS--GENERAL INFORMATION
fixed length control field 260331b |||||||| |||| 00| 0 eng d
020 ## - INTERNATIONAL STANDARD BOOK NUMBER
ISBN 81-7754-234-6
041 ## - LANGUAGE CODE
Language code of text/sound track or separate title eng
082 ## - DEWEY DECIMAL CLASSIFICATION NUMBER
Classification number 631.875 GUP-V
100 ## - MAIN ENTRY--AUTHOR NAME
Personal name GUPTA, DR. P.K.
245 ## - TITLE STATEMENT
Title VERMICOMPOSTING FOR SUSTAINABLE AGRICULTURE
250 ## - EDITION STATEMENT
Edition statement 2ND REV. ED. 2014
260 ## - PUBLICATION, DISTRIBUTION, ETC. (IMPRINT)
Place of publication INDIA
Name of publisher AGROBIOS
Year of publication 2014
300 ## - PHYSICAL DESCRIPTION
Number of Pages 208;P
650 ## - SUBJECT ADDED ENTRY--TOPICAL TERM
Topical Term AGRICULTURE
942 ## - ADDED ENTRY ELEMENTS (KOHA)
Koha item type Books
Holdings
Lost status Damaged status Collection code Home library Current library Date acquired Source of acquisition Cost, normal purchase price Serial Enumeration / chronology Full call number Accession Number Koha item type
    AGRICULTURE JRU Library JRU Library 31/03/2026 PURCHASE 2495.00 LBI/000895 / DATE-28-03-2026 631.875 29399 Books